00273nam a2200109Ia 4500008004100000020001800041082000800059100001000067245002500077260004700102300001400149250731s9999 xx 000 0 und d a9933555633564 aYAS aYasma 0aHiyani hen gaathugai aMale Maldivesb Dhagatha Publishers c2012 a271p.20cm